000 00246nam a2200097Ia 4500
001 931338
005 20250826214907.0
008 250824s9999 xx 000 0 und d
245 0 _aDEDEMİN BAKKALI
_cŞERMİN YAŞAR
260 _bTAZE KİTAP YAYINLARI
999 _c931338
_d931338